00461nam a2200193 a 4500001001300000003000900013005001700022008004100039020000900080082001300089100001200102245002800114260003200142300000800174500003500182505001700217650002100234700001200255nice12345678IN_TiNIC20260116012414.0050524s1982 paka grp 000 0 urd  ac1200a245bASE aAseem,  aSare Shahre Sang Badast aPakistanbFaisal Abadc1982 a88p aincludes index and biblioraphy2 apelican book aChristian-Poetry1 aAseem,